[Event "Euro Online U2300 Day 1"]
[Site "chess.com INT"]
[Date "2020.05.25"]
[Round "3"]
[White "Nagy, Ladislav"]
[Black "Ghimpu, Samuel-Timotei"]
[Result "0-1"]
[BlackTitle "FM"]
[WhiteElo "2085"]
[BlackElo "2302"]
[WhiteFideId "374300"]
[BlackFideId "1238175"]
[EventDate "2020.05.25"]

1. Nf3 Nf6 2. g3 g6 3. Bg2 Bg7 4. O-O O-O 5. c4 c6 6. d4 d5 7. b3 Bf5 8. Bb2
Nbd7 9. Nbd2 Ne4 10. e3 Nxd2 11. Nxd2 Nc5 12. Ba3 Ne4 13. Nxe4 Bxe4 14. Bxe4
dxe4 15. Qd2 Qc7 16. Rac1 Rad8 17. Qb4 Rfe8 18. Rfd1 Rd7 19. Qe1 Red8 20. Qe2 h5
21. Rd2 e5 22. d5 cxd5 23. cxd5 Qa5 24. Bb2 Rxd5 25. Rxd5 Qxd5 26. Bc3 Bf8 27.
Rc2 Qd1+ 28. Qxd1 Rxd1+ 29. Kg2 f6 30. Rd2 Rxd2 31. Bxd2 Kf7 32. Kf1 Ke6 33. Ke2
f5 34. Bc3 g5 35. Bb2 Bd6 36. Kd2 f4 37. Kc3 b5 38. a4 a6 39. axb5 axb5 40. Kd2
Kf5 41. Ke2 Kg4 42. Kf1 fxe3 43. fxe3 Kf3 44. Bc1 Bc5 45. Bb2 Bxe3 46. Bxe5 Bd2
47. b4 e3 48. Bc3 e2+ 49. Kg1 e1=Q# 0-1

[Event "Euro Online U2300 Day 1"]
[Site "chess.com INT"]
[Date "2020.05.25"]
[Round "3"]
[White "Schneider, Jana"]
[Black "Ivic, Velimir"]
[Result "0-1"]
[WhiteTitle "FM"]
[BlackTitle "GM"]
[WhiteElo "2270"]
[BlackElo "2548"]
[WhiteFideId "12924997"]
[BlackFideId "950122"]
[EventDate "2020.05.25"]

1. e4 c5 2. Nf3 Nc6 3. d4 cxd4 4. Nxd4 Nf6 5. Nc3 e5 6. Ndb5 d6 7. Bg5 a6 8. Na3
b5 9. Nd5 Be7 10. Bxf6 Bxf6 11. c3 Bg5 12. Nc2 O-O 13. h4 Bh6 14. Nce3 Ne7 15.
a4 Nxd5 16. Nxd5 bxa4 17. Rxa4 Kh8 18. Qa1 f5 19. Bxa6 Bd7 20. Ra3 fxe4 21. Bc4
Rc8 22. Qa2 Be6 23. b4 e3 24. f3 e4 25. Qe2 exf3 26. gxf3 Rf5 27. Nxe3 Re5 28.
Bxe6 Rxe3 29. Bxc8 Qxc8 30. Rh2 g6 31. Qxe3 Bxe3 32. Re2 Bb6 33. Re7 Bd8 34.
Re8+ Kg7 35. Ra7+ Kh6 36. Rh8 Bxh4+ 0-1

[Event "Euro Online U2300 Day 1"]
[Site "chess.com INT"]
[Date "2020.05.25"]
[Round "3"]
[White "Rahal, Michael A"]
[Black "Villa Izquierdo, Roberto"]
[Result "1-0"]
[WhiteTitle "IM"]
[WhiteElo "2333"]
[BlackElo "1962"]
[WhiteFideId "404691"]
[BlackFideId "2218216"]
[EventDate "2020.05.25"]

1. e4 Nf6 2. e5 Nd5 3. d4 d6 4. c4 Nb6 5. exd6 cxd6 6. Nc3 g6 7. Be3 Bg7 8. Rc1
O-O 9. b3 Nc6 10. Nf3 Bg4 11. d5 Ne5 12. Be2 Bxf3 13. Bxf3 Nbd7 14. Be2 Qa5 15.
Qd2 f5 16. O-O Rac8 17. f4 Ng4 18. Bxg4 fxg4 19. Bd4 Bxd4+ 20. Qxd4 Qc5 21. Rcd1
Qxd4+ 22. Rxd4 g5 23. fxg5 Rxf1+ 24. Kxf1 Ne5 25. Ke2 Kg7 26. h4 Kg6 27. Rf4 Kh5
28. g3 a6 29. a4 Kg6 30. Nd1 Rc7 31. Ne3 Kh5 32. Rf8 b5 33. axb5 axb5 34. Ng2
Ng6 35. Rf7 h6 36. Rh7 Nf4+ 37. Nxf4# 1-0

[Event "Euro Online U2300 Day 1"]
[Site "chess.com INT"]
[Date "2020.05.25"]
[Round "3"]
[White "Yelisieiev, Yevhenii"]
[Black "Nikolova, Adriana"]
[Result "0-1"]
[WhiteTitle "IM"]
[BlackTitle "WGM"]
[WhiteElo "2407"]
[BlackElo "2247"]
[WhiteFideId "14139642"]
[BlackFideId "2908689"]
[EventDate "2020.05.25"]

1. d4 d5 2. Nf3 Nf6 3. c4 c6 4. Nc3 dxc4 5. a4 Bf5 6. e3 e6 7. Bxc4 Bb4 8. O-O
Nbd7 9. Qe2 Bg6 10. Rd1 O-O 11. Bd3 Bh5 12. e4 e5 13. d5 Bxc3 14. bxc3 cxd5 15.
exd5 e4 16. Bxe4 Re8 17. Bg5 Rxe4 18. Qxe4 Nxe4 19. Bxd8 Rxd8 20. c4 Nb6 21. Rd4
Bxf3 22. gxf3 Nc3 23. Kf1 Ncxa4 24. d6 Kf8 25. c5 Nxc5 26. Rxa7 Ke8 27. Ra2 Kd7
28. Rc2 Rc8 29. Rb4 Nd5 30. Rh4 h6 31. Rh5 Kxd6 32. Rd2 g5 33. Rxh6+ Ne6 34. Rh7
Rc7 35. Kg2 b5 36. Rh8 Rb7 37. Ra8 b4 38. Ra6+ Ke5 39. Ra5 Nf4+ 40. Kg3 b3 41.
Rb2 f5 42. Ra3 Rh7 43. h4 Rxh4 0-1

[Event "Euro Online U2300 Day 1"]
[Site "chess.com INT"]
[Date "2020.05.25"]
[Round "3"]
[White "Frisk, Ellinor"]
[Black "Marchenko, Anton"]
[Result "1-0"]
[WhiteTitle "WIM"]
[WhiteElo "2176"]
[BlackElo "2103"]
[WhiteFideId "1708481"]
[BlackFideId "14118416"]
[EventDate "2020.05.25"]

1. d4 d5 2. e4 dxe4 3. Nc3 Nf6 4. f3 exf3 5. Nxf3 Bg4 6. h3 Bh5 7. g4 Bg6 8. Ne5
e6 9. Bg2 c6 10. h4 Bb4 11. Bg5 Qa5 12. O-O Bxc3 13. bxc3 Nbd7 14. h5 Be4 15.
Nxd7 Nxd7 16. Qd2 Bxg2 17. Kxg2 Qd5+ 18. Kh3 h6 19. Bf4 O-O 20. Rae1 c5 21. Rf2
Rac8 22. Ref1 Nf6 23. Qe3 cxd4 24. cxd4 Ne4 25. Rf3 Rc4 26. Be5 f6 27. Bf4 f5
28. Bxh6 gxh6 29. Qxh6 1-0

[Event "Euro Online U2300 Day 1"]
[Site "chess.com INT"]
[Date "2020.05.25"]
[Round "3"]
[White "Adrian, Claude"]
[Black "Heinmets, Tonu"]
[Result "0-1"]
[WhiteTitle "IM"]
[WhiteElo "2250"]
[BlackElo "1886"]
[WhiteFideId "601071"]
[BlackFideId "4500962"]
[EventDate "2020.05.25"]

1. c4 Nf6 2. Nc3 d6 3. g3 e5 4. Bg2 Be7 5. Nf3 O-O 6. d4 Nbd7 7. O-O c6 8. Qc2
Re8 9. Rd1 Qc7 10. Rb1 a6 11. b4 b6 12. c5 dxc5 13. bxc5 bxc5 14. dxe5 Nd5 15.
Rxd5 cxd5 16. Nxd5 Qa7 17. Nxe7+ Rxe7 18. Ng5 Nf8 19. Bxa8 Qxa8 20. Qxc5 Re8 21.
Ba3 h6 22. Nf3 Be6 23. Qc2 Qd5 24. Bxf8 Rxf8 25. a3 Rc8 26. Qd3 Qa5 27. Nd4 Bh3
28. Nf3 Rd8 29. Qe3 Qa4 30. Re1 Qc2 0-1

[Event "Euro Online U2300 Day 1"]
[Site "chess.com INT"]
[Date "2020.05.25"]
[Round "3"]
[White "Hrabinska, Myroslava"]
[Black "Trickov, Vasil"]
[Result "0-1"]
[WhiteTitle "WGM"]
[BlackTitle "IM"]
[WhiteElo "2235"]
[BlackElo "2319"]
[WhiteFideId "14109190"]
[BlackFideId "311103"]
[EventDate "2020.05.25"]

1. e4 c5 2. b4 cxb4 3. a3 bxa3 4. d4 d5 5. exd5 Qxd5 6. Nxa3 Bd7 7. Nf3 e6 8.
Bd3 Bb4+ 9. Bd2 Bxd2+ 10. Qxd2 Nf6 11. Nc4 Na6 12. Ne3 Qd6 13. Bxa6 bxa6 14. O-O
O-O 15. c4 Rfd8 16. Rfb1 Rab8 17. h3 h6 18. Rxb8 Rxb8 19. Ne5 Bc8 20. c5 Qc7 21.
c6 Rb5 22. Qc2 Nd5 23. Nxd5 Rxd5 24. Qc4 Qb6 25. Rc1 Rxd4 26. Qc5 Qxc5 27. Rxc5
Kf8 28. c7 Rd5 29. Rxd5 exd5 30. Nc6 Ke8 31. Nxa7 Kd7 32. Kf1 Kxc7 0-1

[Event "Euro Online U2300 Day 1"]
[Site "chess.com INT"]
[Date "2020.05.25"]
[Round "3"]
[White "Brilej, Jaka"]
[Black "Gabriel, Robert"]
[Result "1-0"]
[WhiteTitle "CM"]
[BlackTitle "FM"]
[WhiteElo "2228"]
[BlackElo "2236"]
[WhiteFideId "14618818"]
[BlackFideId "4606477"]
[EventDate "2020.05.25"]

1. e4 c5 2. Nf3 e6 3. Nc3 Nc6 4. d4 cxd4 5. Nxd4 Nf6 6. Ndb5 Bb4 7. a3 Bxc3+ 8.
Nxc3 d5 9. exd5 exd5 10. Bd3 O-O 11. O-O h6 12. h3 d4 13. Ne2 Re8 14. Bf4 a6 15.
Re1 Be6 16. Ng3 Nd5 17. Bd2 Bd7 18. Qf3 Be6 19. Qe4 Nf6 20. Qf4 Nd5 21. Qe4 Nf6
22. Qh4 Nd5 23. Qxd8 Raxd8 24. Ne4 Ne5 25. Bf1 Bf5 26. Rac1 f6 27. Nc5 Bc8 28.
f4 Nd7 29. Ne6 Rxe6 30. Rxe6 Nc5 31. Ree1 Kf8 32. Bc4 b5 33. Bxd5 Rxd5 34. Bb4
Kf7 35. Rcd1 Bf5 36. Re2 d3 37. cxd3 Nxd3 38. Red2 Be4 39. g3 f5 40. Bc3 g6 41.
Ra1 h5 42. Rad1 Ke6 43. Kf1 Kf7 44. Ke2 h4 45. Rxd3 Bxd3+ 46. Rxd3 Rc5 47. gxh4
Rc4 48. Kf3 Re4 49. Re3 Rc4 50. Re5 Rc6 51. h5 gxh5 52. Rxf5+ Kg6 53. Rg5+ Kh6
54. Bg7+ Kh7 55. Bc3 Kh6 56. Rf5 h4 57. Rf6+ Rxf6 58. Bxf6 1-0

[Event "Euro Online U2300 Day 1"]
[Site "chess.com INT"]
[Date "2020.05.25"]
[Round "3"]
[White "Potapova, Margarita"]
[Black "Kharatyan, Roman"]
[Result "0-1"]
[WhiteTitle "WIM"]
[WhiteElo "2270"]
[BlackElo "1984"]
[WhiteFideId "14126869"]
[BlackFideId "13305220"]
[EventDate "2020.05.25"]

1. d4 Nf6 2. c4 g6 3. Nc3 Bg7 4. e4 d6 5. h3 O-O 6. Be3 Nc6 7. Qd2 e5 8. d5 Nd4
9. Nge2 Re8 10. O-O-O c5 11. dxc6 bxc6 12. Nxd4 exd4 13. Bxd4 Qa5 14. Kb1 Rb8
15. f3 Qb4 16. Qc2 Be6 17. Qb3 Qa5 18. Qa4 Qc7 19. Ka1 c5 20. Be3 Rb4 21. Qa3
Reb8 22. Bc1 a6 23. Qxa6 Nd7 24. Nb5 Qd8 25. Qxd6 Qa5 26. Qc7 R4xb5 27. Qxa5
Rxa5 28. Kb1 Ne5 29. Bf4 Rba8 30. a3 Nxc4 31. e5 Nxe5 32. Be2 Nc6 33. Rd2 Nd4
34. Bd3 Rc8 35. Re1 c4 36. Be4 c3 37. bxc3 Rxc3 38. Red1 Rb3+ 39. Kc1 Rc5+ 40.
Bc2 Rbc3 0-1

[Event "Euro Online U2300 Day 1"]
[Site "chess.com INT"]
[Date "2020.05.25"]
[Round "3"]
[White "Eren, Ataberk"]
[Black "Ruzicka, Ales"]
[Result "1-0"]
[WhiteTitle "FM"]
[WhiteElo "2321"]
[BlackElo "2108"]
[WhiteFideId "6349765"]
[BlackFideId "325252"]
[EventDate "2020.05.25"]

1. d4 Nf6 2. Nf3 g6 3. Bg5 d5 4. Nbd2 Bg7 5. e3 Nbd7 6. Be2 b6 7. O-O O-O 8. c4
Bb7 9. Rc1 c5 10. Qa4 cxd4 11. Nxd4 Nc5 12. Qa3 dxc4 13. Nxc4 h6 14. Bh4 h5 15.
Rfd1 Qd5 16. Bf3 Qd7 17. Ne5 Qc7 18. Nec6 Bxc6 19. Nxc6 a5 20. Bg3 Qb7 21. Bh4
Kh7 22. Nd8 Qc8 23. Bxa8 Qxa8 24. b4 Na6 25. b5 Nc5 26. Nc6 e6 27. h3 Nd5 28.
Rxd5 exd5 29. Be7 Ne4 30. Bxf8 Bxf8 31. Qd3 Qe8 32. Qxd5 Ba3 33. Rc4 Nf6 34. Qd4
Qe6 35. Rc2 Bc5 36. Qe5 Nd5 37. Qxe6 fxe6 38. e4 Nc7 39. Rxc5 bxc5 40. b6 Na6
41. b7 c4 42. Kf1 c3 43. Ke2 c2 44. Kd2 Kg7 45. Kxc2 Kf7 46. b8=Q Nxb8 47. Nxb8
Ke7 48. Nc6+ Kd6 49. Nxa5 Kc5 50. Kd3 Kb5 51. Nc4 Kc5 52. Ne5 Kd6 53. Nxg6 e5
54. Nxe5 Kxe5 55. a4 Kd6 56. a5 Kc6 57. Kd4 Kb5 58. e5 Kxa5 59. e6 Kb6 60. e7
Kc7 61. e8=R 1-0

[Event "Euro Online U2300 Day 1"]
[Site "chess.com INT"]
[Date "2020.05.25"]
[Round "3"]
[White "Sevdimaliyev, Urfan"]
[Black "Ohanyan, Emin"]
[Result "0-1"]
[WhiteTitle "GM"]
[BlackTitle "FM"]
[WhiteElo "2369"]
[BlackElo "2291"]
[WhiteFideId "13402463"]
[BlackFideId "13312022"]
[EventDate "2020.05.25"]

1. d4 Nf6 2. Nf3 c5 3. d5 d6 4. Nc3 g6 5. e4 Bg7 6. Bb5+ Nbd7 7. a4 O-O 8. O-O
Rb8 9. Re1 a6 10. Bf1 Ne8 11. Bg5 Nc7 12. Qc1 b5 13. axb5 axb5 14. Bh6 b4 15.
Nb1 Re8 16. Bxg7 Kxg7 17. Nbd2 Nb6 18. Nc4 Nxc4 19. Bxc4 Bd7 20. Qf4 f6 21. h4
h5 22. Rad1 Bb5 23. Nd2 Qd7 24. Re3 Bxc4 25. Nxc4 Nb5 26. c3 bxc3 27. bxc3 Qg4
28. Qxg4 hxg4 29. Red3 Ra8 30. Ne3 Ra4 31. c4 Nd4 32. Nxg4 Rxc4 33. f3 Rh8 34.
Ra3 Rxh4 35. Ra7 Kf7 36. Rb1 Rb4 37. Rxb4 cxb4 38. Rb7 b3 39. Kf2 Rh1 0-1

[Event "Euro Online U2300 Day 1"]
[Site "chess.com INT"]
[Date "2020.05.25"]
[Round "3"]
[White "Kharitonov, Sergei"]
[Black "Volpinari, Danilo"]
[Result "1-0"]
[BlackTitle "FM"]
[WhiteElo "2127"]
[BlackElo "1952"]
[WhiteFideId "4129750"]
[BlackFideId "11800054"]
[EventDate "2020.05.25"]

1. e4 c5 2. Nf3 g6 3. d4 cxd4 4. Nxd4 Bg7 5. Nc3 Nc6 6. Be3 Nf6 7. Be2 O-O 8.
Nb3 Re8 9. f4 d6 10. O-O a6 11. Bf3 Bd7 12. g4 Bc8 13. Qe2 Rb8 14. a4 Na5 15.
Nd4 Qc7 16. g5 Nd7 17. Nd5 Qc4 18. Qd2 Bxd4 19. Bxd4 e6 20. b3 Qc6 21. Ne3 b6
22. Bb2 Nb7 23. Rad1 Ndc5 24. Qc3 e5 25. Nd5 Be6 26. fxe5 1-0

[Event "Euro Online U2300 Day 1"]
[Site "chess.com INT"]
[Date "2020.05.25"]
[Round "3"]
[White "Belenkaya, Dina"]
[Black "Hechl, Gerald"]
[Result "0-1"]
[WhiteTitle "WGM"]
[BlackTitle "FM"]
[WhiteElo "2297"]
[BlackElo "2333"]
[WhiteFideId "24142654"]
[BlackFideId "1605674"]
[EventDate "2020.05.25"]

1. e4 d6 2. d4 Nf6 3. Nc3 Nbd7 4. f4 e5 5. Nf3 exd4 6. Qxd4 c6 7. Be2 d5 8. exd5
Bc5 9. Qd3 O-O 10. Be3 Qb6 11. Bxc5 Nxc5 12. Qd4 Bf5 13. O-O Bxc2 14. Rac1 Bd3
15. b4 Bxe2 16. bxc5 Qa6 17. Nxe2 Qxe2 18. Rf2 Qe4 19. d6 b6 20. Rd2 Qxd4+ 21.
Nxd4 Ne4 22. Nxc6 Nxd2 23. Ne7+ Kh8 24. c6 Ne4 25. d7 Nf6 26. g4 g6 27. g5 Nxd7
28. cxd7 Rad8 29. Rc7 a6 30. Nc6 Ra8 31. Kf2 Kg7 32. Ke3 a5 33. Kd4 b5 34. Kc5
b4 35. Na7 Rfd8 36. Kc6 a4 37. Rc8 Raxc8+ 38. dxc8=Q Rxc8+ 39. Nxc8 b3 40. axb3
axb3 41. f5 gxf5 42. Ne7 b2 43. Nxf5+ Kf8 44. Nd4 b1=Q 0-1

[Event "Euro Online U2300 Day 1"]
[Site "chess.com INT"]
[Date "2020.05.25"]
[Round "3"]
[White "Megalios, Konstantinos"]
[Black "Luczak, Filip"]
[Result "1-0"]
[WhiteTitle "IM"]
[BlackTitle "CM"]
[WhiteElo "2401"]
[BlackElo "2240"]
[WhiteFideId "4238044"]
[BlackFideId "1193686"]
[EventDate "2020.05.25"]

1. d4 Nf6 2. c4 c5 3. Nf3 cxd4 4. Nxd4 e5 5. Nb5 d6 6. Bg5 Nc6 7. N1c3 a6 8.
Bxf6 gxf6 9. Na3 Be6 10. e3 Rg8 11. g3 f5 12. Be2 Bh6 13. O-O f4 14. exf4 Bxf4
15. Nd5 Bxd5 16. Qxd5 Qb6 17. Kh1 Qxb2 18. Bh5 O-O-O 19. Rab1 Qxa3 20. Qxf7 Na5
21. gxf4 Qh3 22. Rg1 Rgf8 23. Rg3 Rxf7 24. Rxh3 Rxf4 25. f3 Nxc4 26. Bg4+ Kb8
27. Rxh7 b5 28. a4 Na3 29. Rc1 Rc4 30. Rg1 b4 31. Be6 Rc7 32. Rh4 a5 33. Rd1 Kb7
34. Re4 Nc2 35. Rxe5 dxe5 36. Rxd8 Nd4 37. Bd5+ Kb6 38. Be4 b3 39. h4 Kc5 40. h5
Kb4 41. h6 b2 42. h7 Nc2 43. Rb8+ 1-0

[Event "Euro Online U2300 Day 1"]
[Site "chess.com INT"]
[Date "2020.05.25"]
[Round "3"]
[White "Vega Gomez, Francisco B."]
[Black "Eigminas, Kipras"]
[Result "0-1"]
[WhiteTitle "FM"]
[WhiteElo "2272"]
[BlackElo "2116"]
[WhiteFideId "2268086"]
[BlackFideId "12808423"]
[EventDate "2020.05.25"]

1. Nf3 Nf6 2. d4 c5 3. c4 cxd4 4. Nxd4 Nc6 5. Nc3 e6 6. e4 Bb4 7. Nxc6 bxc6 8.
Bd3 e5 9. Be3 O-O 10. O-O d6 11. Qd2 d5 12. exd5 cxd5 13. cxd5 Bxc3 14. Qxc3
Qxd5 15. Bc4 Qe4 16. f3 Qf5 17. Bc5 Re8 18. Bd3 Qg5 19. Rae1 Nd5 20. Qc1 Nf4 21.
g3 Bb7 22. Be4 Bxe4 23. fxe4 Ne6 24. Qxg5 Nxg5 25. h4 Ne6 26. Be3 Red8 27. Rd1
a5 28. Rd5 Rxd5 29. exd5 Nc7 30. Rd1 Ne8 31. Bb6 Nf6 32. d6 Nd7 33. Bc7 f6 34.
Rd5 a4 35. Rb5 Kf7 36. Kf2 Ke6 37. Ke3 Ra6 38. h5 g6 39. h6 Rc6 40. Rb4 Ra6 41.
g4 f5 42. g5 f4+ 43. Kf3 Kf5 44. Rc4 Kxg5 45. Ke4 Kf6 46. Bd8+ Ke6 47. Be7 g5
48. Rc8 g4 49. Kd3 Nf6 50. Rf8 e4+ 51. Kd4 Nh5 52. Kxe4 f3 53. Ke3 Rb6 54. Rg8
Rxb2 55. Rxg4 f2 56. Re4+ Kd7 57. Rc4 f1=Q 58. Rc7+ Ke6 59. d7 Kxe7 60. Kd4 Qd1+
61. Kc5 Rc2+ 62. Kb6 Qd4+ 63. Ka5 Rxc7 64. a3 Qc5+ 65. Kxa4 Ra7+ 66. Kb3 Rxa3+
67. Kb2 Qc3+ 68. Kb1 Ra1# 0-1

[Event "Euro Online U2300 Day 1"]
[Site "chess.com INT"]
[Date "2020.05.25"]
[Round "3"]
[White "Gerasimenyuk, Mikhail"]
[Black "Rusu, Vlad"]
[Result "0-1"]
[WhiteTitle "FM"]
[WhiteElo "2133"]
[BlackElo "1833"]
[WhiteFideId "14111845"]
[BlackFideId "55623344"]
[EventDate "2020.05.25"]

1. d4 Nf6 2. Nf3 e6 3. Bg5 c5 4. e3 Qb6 5. c3 Qxb2 6. Nbd2 Qxc3 7. Be2 d5 8. O-O
Nbd7 9. Rc1 Qa3 10. Bb5 c4 11. Bxf6 gxf6 12. e4 Qa5 13. exd5 Qxb5 14. dxe6 fxe6
15. Re1 Nb6 16. Ne4 Kf7 17. Ne5+ fxe5 18. Qh5+ Ke7 19. dxe5 Kd8 20. Qf7 Nd5 21.
Nf6 Be7 22. Red1 Bd7 23. Nxd5 exd5 24. Rxd5 Rf8 25. Qe6 Ke8 26. Rxd7 Qxd7 27.
Qxc4 Rd8 28. g3 Qc6 29. Qf1 Qf3 30. Qb5+ Kf7 31. Qb3+ Qxb3 32. axb3 b6 33. f4
Bc5+ 34. Kg2 Rd2+ 35. Kh3 Ke6 36. Rc3 a5 37. Rc4 Rd3 38. Kg4 Rxb3 39. h4 Rg8+
40. Kh5 Rbxg3 41. f5+ Kxf5 42. e6 Kxe6 43. Re4+ Kd5 44. Re2 Bf8 45. Re5+ Kd6 46.
Re6+ Kd5 47. Re5+ Kd4 48. Re4+ Kc5 49. Rc4+ Kd5 50. Rd4+ Ke5 51. Re4+ Kf6 52.
Re6+ Kf7 53. Rf6+ Ke8 54. Rxb6 Be7 55. Rb8+ Kf7 56. Rb6 Rh3 0-1

[Event "Euro Online U2300 Day 1"]
[Site "chess.com INT"]
[Date "2020.05.25"]
[Round "3"]
[White "Chetina, Elizaveta"]
[Black "Babiy, Igor"]
[Result "0-1"]
[WhiteTitle "WFM"]
[WhiteElo "1906"]
[BlackElo "2243"]
[WhiteFideId "4100131"]
[BlackFideId "14136244"]
[EventDate "2020.05.25"]

1. e4 d5 2. exd5 Qxd5 3. Nc3 Qa5 4. d4 Nf6 5. Bd2 Bd7 6. Nf3 e6 7. Be2 Qb6 8.
Rb1 c5 9. dxc5 Bxc5 10. O-O O-O 11. Ne5 Be8 12. Nd3 Be7 13. Be3 Qc7 14. Bf4 Qc8
15. Bf3 Bc6 16. Ne5 Bxf3 17. Qxf3 Rd8 18. Rfd1 Nbd7 19. Nxd7 Rxd7 20. Rxd7 Qxd7
21. Rd1 Qc8 22. Qe2 h6 23. Ne4 Qc6 24. Nxf6+ Bxf6 25. c3 e5 26. Be3 a6 27. h3
Re8 28. Qg4 Rd8 29. Rxd8+ Bxd8 30. Qd1 Be7 31. Qd3 Qe6 32. b3 f5 33. c4 f4 34.
Bc1 e4 35. Qd5 Qxd5 36. cxd5 g5 37. Bb2 Kf7 38. Kf1 Bf6 39. Ba3 Be7 40. d6 Bf6
41. Ke2 Ke6 42. g3 Be5 43. gxf4 gxf4 44. d7 Kxd7 45. Bf8 h5 46. Bh6 Ke6 47. Kd2
Kf5 48. Ke2 Bd4 49. Ke1 Bc5 50. Ke2 Bb6 51. a3 Bc5 52. a4 Bb4 53. Kf1 f3 54. Be3
Ke5 55. Kg1 Kd5 56. Kh2 Bd6+ 57. Kg1 Be5 58. Kf1 Bc3 59. Kg1 Bb4 60. Kh2 Bc5 61.
Bxc5 Kxc5 62. Kg3 h4+ 63. Kf4 Kd4 64. Kg4 a5 65. Kf4 Kd3 66. Kg4 Ke2 0-1

[Event "Euro Online U2300 Day 1"]
[Site "chess.com INT"]
[Date "2020.05.25"]
[Round "3"]
[White "Zenuni, Albert"]
[Black "Basa, Manasvita"]
[Result "0-1"]
[WhiteElo "1981"]
[BlackElo "1711"]
[WhiteFideId "4702360"]
[BlackFideId "1060228"]
[EventDate "2020.05.25"]

1. c4 e5 2. Nc3 Nc6 3. g3 f5 4. Bg2 Bc5 5. d3 d6 6. a3 a5 7. Nf3 Nf6 8. O-O O-O
9. Qc2 Qe8 10. Nb5 Qh5 11. Nxc7 Rb8 12. Nd5 Nxd5 13. cxd5 Nd4 14. Nxd4 Bxd4 15.
Qc7 Ra8 16. Qxd6 Ra6 17. Qe7 f4 18. Qh4 Qf7 19. Be4 Rh6 20. Qg5 Rh5 21. Qxh5
Qxh5 22. Bf3 Qg6 23. Kg2 Qh6 24. Re1 Qh3+ 25. Kg1 Rf6 26. Bg2 Qd7 27. e3 fxg3
28. hxg3 Bc5 29. Bd2 Qf7 30. Rf1 Bg4 31. Rae1 Qh5 32. Bc3 Bh3 33. f3 Rh6 34. Rf2
Bxg2 35. Rxg2 Qxf3 36. Bd2 Qxd5 37. Rf1 Qxd3 38. Rgf2 Bxe3 39. Bxe3 Qxe3 40. Kg2
Qe4+ 41. Rf3 Rd6 42. Kg1 h6 43. R1f2 Rd1+ 44. Kg2 Rd3 45. b4 Rxf3 46. Rxf3 Qe2+
47. Rf2 Qe4+ 48. Kf1 axb4 49. axb4 Qxb4 50. Re2 Qc4 51. Kf2 e4 52. Ke3 Qd3+ 53.
Kf2 Qf3+ 54. Ke1 Qxg3+ 55. Kd2 Qd3+ 56. Ke1 e3 57. Kf1 Qd1+ 58. Re1 Qf3+ 59. Kg1
Qf2+ 60. Kh1 Qxe1+ 61. Kg2 Qf2+ 62. Kh1 Qf4 63. Kg2 e2 64. Kh3 e1=Q 65. Kg2
Qef1# 0-1

[Event "Euro Online U2300 Day 1"]
[Site "chess.com INT"]
[Date "2020.05.25"]
[Round "3"]
[White "Vesselovsky, Serguei"]
[Black "Halmeenmaki, Tuomo"]
[Result "1-0"]
[WhiteTitle "IM"]
[WhiteElo "2317"]
[BlackElo "2132"]
[WhiteFideId "313998"]
[BlackFideId "502774"]
[EventDate "2020.05.25"]

1. e4 e6 2. d4 d5 3. Nc3 Bb4 4. e5 Ne7 5. Bd2 c5 6. Nce2 Bxd2+ 7. Qxd2 Nbc6 8.
f4 Nf5 9. Nf3 h5 10. dxc5 a5 11. O-O-O a4 12. a3 Qa5 13. Qxa5 Rxa5 14. Ned4 Ne3
15. Re1 Nxf1 16. Rhxf1 g6 17. b4 axb3 18. cxb3 Rxc5+ 19. Kb2 Bd7 20. Rc1 Rxc1
21. Rxc1 Ke7 22. b4 Rc8 23. Nxc6+ bxc6 24. h4 f6 25. Nd4 fxe5 26. fxe5 Rf8 27.
Nxc6+ Ke8 28. b5 Rf2+ 29. Kb3 Rxg2 30. b6 Bxc6 31. Rxc6 Kd7 32. b7 Rg1 33. Kb2
Rg2+ 34. Kb1 Rg1+ 35. Kc2 Rg2+ 36. Kc3 d4+ 37. Kb3 Rg1 38. Kb2 Rg2+ 39. Rc2
Rxc2+ 40. Kxc2 Kc7 41. Kd3 Kxb7 42. Kxd4 Kc6 43. a4 Kb6 44. Kc4 Ka5 45. Kc5 g5
46. hxg5 h4 47. g6 h3 48. g7 h2 49. g8=Q h1=Q 50. Qxe6 Qc1+ 51. Qc4 Qg1+ 52. Kd6
Qd1+ 53. Qd5+ 1-0

[Event "Euro Online U2300 Day 1"]
[Site "chess.com INT"]
[Date "2020.05.25"]
[Round "3"]
[White "Kacharava, Nikolozi"]
[Black "Bashirli, Nail"]
[Result "0-1"]
[WhiteTitle "IM"]
[BlackTitle "IM"]
[WhiteElo "2437"]
[BlackElo "2382"]
[WhiteFideId "13611860"]
[BlackFideId "13406809"]
[EventDate "2020.05.25"]

1. e4 Nf6 2. e5 Nd5 3. d4 d6 4. c4 Nb6 5. exd6 cxd6 6. Nc3 g6 7. Be3 Bg7 8. Rc1
O-O 9. b3 Bf5 10. Nf3 d5 11. c5 Nc8 12. Bd3 Bg4 13. O-O Nc6 14. Be2 e6 15. h3
Bxf3 16. Bxf3 N8e7 17. b4 Nf5 18. Ne2 Qf6 19. g3 Ncxd4 20. Nxd4 Nxd4 21. Bg2 a5
22. Bxd4 Qxd4 23. b5 Rfc8 24. c6 bxc6 25. Rxc6 Rxc6 26. bxc6 Qc4 27. Qc1 Bc3 28.
Qe3 Qxc6 29. Rc1 Rc8 30. h4 Qc5 31. Qf3 d4 32. Bf1 h5 33. Bd3 Kg7 34. Rb1 Bb4
35. Qe4 Rd8 36. Qf3 Qd5 37. Qe2 Rc8 38. Be4 Qe5 39. Qd3 Rc3 40. Qe2 f5 41. Bd3
Qxe2 42. Bxe2 d3 43. Bd1 e5 44. Kf1 e4 45. Bb3 Kf6 46. f3 e3 47. Ke1 Rc1# 0-1

[Event "Euro Online U2300 Day 1"]
[Site "chess.com INT"]
[Date "2020.05.25"]
[Round "3"]
[White "Binham, Timothy F."]
[Black "Nemec, Jachym"]
[Result "0-1"]
[WhiteTitle "IM"]
[WhiteElo "2279"]
[BlackElo "2110"]
[WhiteFideId "500151"]
[BlackFideId "23716525"]
[EventDate "2020.05.25"]

1. e4 c5 2. Nf3 Nc6 3. Bb5 g6 4. O-O Bg7 5. c3 e5 6. d4 exd4 7. cxd4 cxd4 8. Bf4
Nge7 9. Bd6 O-O 10. Nbd2 a6 11. Bc4 b5 12. Bd3 Bb7 13. a4 bxa4 14. Rxa4 Re8 15.
Nc4 Nc8 16. e5 Nb6 17. Qb3 Nxa4 18. Qxb7 Na5 19. Nxa5 Qxa5 20. Qxd7 Nc5 21. b4
Nxd7 22. bxa5 Bxe5 23. Nxe5 Nxe5 24. Be4 Rad8 25. Bc7 Rd7 26. Bb6 f5 27. Bc2 Rc8
28. Bb3+ Kg7 29. Be6 Rcd8 30. f4 Ng4 31. Rd1 Rd6 32. Bxd8 Rxd8 33. h3 Ne3 34.
Rd3 Kf6 35. Bb3 h6 36. Kf2 g5 37. Kf3 gxf4 38. Kxf4 Nxg2+ 39. Kg3 Ne3 40. Kf4
Nd5+ 41. Bxd5 Rxd5 42. h4 h5 43. Kf3 Ke5 44. Kg3 Ke4 45. Rd1 f4+ 46. Kf2 d3 47.
Rf1 d2 48. Rd1 Kd3 0-1